| 000 | 00741nam a2200205Ii 4500 | ||
|---|---|---|---|
| 003 | JO-AjNU | ||
| 008 | 230605s9999||||xx |||||||||||||| ||und|| | ||
| 040 |
_aJO-AjNU _bara _erda _cJO-AjNU |
||
| 041 | _aara | ||
| 050 | 1 | 4 | _aHQ506 .S2764 1967 |
| 100 | 3 |
_a سركيس، عادل أحمد, _eauthor _917089 |
|
| 245 | 0 | 0 | _aالزواج وتطور المجتمع |
| 264 | 3 | 1 | _aالقاهرة: دار الكتاب العربي، 1967 |
| 300 |
_a230ص _bيحتوي ببلوغرافية من ص 223-230ص |
||
| 336 |
_atext _btxt _2rdacontent |
||
| 337 |
_aunmediated _bn _2rdamedia |
||
| 338 |
_avolume _bnc _2rdacarrier |
||
| 490 | 0 | _aسلسلة من الشرق والغرب | |
| 650 | 4 |
_aالزواج - التغيير الاجتماعي _917090 |
|
| 999 |
_aA5205 _c8773 _d8773 |
||